| 000 | 01322cam a2200325 a 4500 | ||
|---|---|---|---|
| 001 | 2541970 | ||
| 005 | 19970501093536.5 | ||
| 008 | 941102s1995 mau b 000 0 eng | ||
| 010 | _a 94024041 | ||
| 020 | _a0262522020 | ||
| 040 |
_aDLC _cDLC _dDLC |
||
| 050 | 0 | 0 |
_aJX1391 _b.P46 1995 |
| 082 | 0 | 0 |
_a327.101 _220 _bPER |
| 245 | 0 | 4 |
_aThe perils of anarchy : _bContemporary realism and international security / _cedited by Michael E. Brown, Sean M. Lynn-Jones, and Steven E. Miller. |
| 260 |
_aLondon, England : _bMIT Press, _cc1995. |
||
| 300 |
_axxi, 519 p. ; _c23 cm. |
||
| 440 | 0 | _aInternational security readers | |
| 504 | _aIncludes bibliographical references. | ||
| 650 | 0 | _aInternational relations. | |
| 650 | 0 | _aSecurity, International. | |
| 650 | 0 | _aWorld politics. | |
| 650 | 0 | _aRealism. | |
| 650 | 0 | _aAnarchism. | |
| 700 | 1 |
_aBrown, Michael E. _q(Michael Edward), _d1954- |
|
| 700 | 2 | _aLynn-Jones, Sean M. | |
| 700 | 1 | _aMiller, Steven E. | |
| 942 |
_2ddc _cBB |
||
| 999 |
_c11075 _d11075 |
||